000 00534nam a2200181Ia 4500
003 GCL
008 140319s9999 xx 000 0 ara d
040 _aGCL /
_cGCL
082 0 4 _a813.01
_bع ب
100 1 _aعبدالحميد الغرباوى
245 1 0 _aبرج المرايا /
_cعبدالحميد الغرباوى
260 _a[S.N] :
_bالمركز الثقافى العربى ،
_c1992
300 _a96 ص
490 _a
650 0 4 _aالادب العربى
650 0 4 _aالقصص القصيرة
942 _2ddc
_cBK
999 _c28062
_d28062